000 00556nam a2200181 a 4500
001 22608
005 20180713220531.0
008 140415s1981 000 0 spa d
020 _a435289926
041 _aspa
082 _a428.07
_bLEW
100 1 _aLEWIS, MICHAEL
245 1 0 _aSOURCE BOOK FOR TEACHING ENGLISH OVERSEAS :
_bA PRACTICAL GUIDE FOR LANGUAGE ASSISTANTS
260 _a[s.l.] :
_bHEINEMANN INTERNATIONAL,
_c1981
300 _a119
650 1 4 _aINGLES
_xENSEANZA
_xESTUDIANTES EXTRANJEROS
700 1 _aHILL, JIMMIE
_ecoaut.
999 _c22608
_d22608